Concepts of genetics (Record no. 19517)

MARC details
000 -LEADER
fixed length control field 00619nam a2200229 a 4500
001 - CONTROL NUMBER
control field 157132
003 - CONTROL NUMBER IDENTIFIER
control field OSt
005 - DATE AND TIME OF LATEST TRANSACTION
control field 20211116152433.0
008 - FIXED-LENGTH DATA ELEMENTS--GENERAL INFORMATION
fixed length control field 191018 ### HIN
020 ## - INTERNATIONAL STANDARD BOOK NUMBER
International Standard Book Number 9789332577466
082 ## - DEWEY DECIMAL CLASSIFICATION NUMBER
Classification number 515.1
Item number K71C
245 ## - TITLE STATEMENT
Title Concepts of genetics
Statement of responsibility, etc by William S. Klug...[et.al.]
250 ## - EDITION STATEMENT
Edition statement 10th ed.
260 ## - PUBLICATION, DISTRIBUTION, ETC. (IMPRINT)
Place of publication, distribution, etc Chennai
Name of publisher, distributor, etc Pearson India Education Services Pvt. Ltd.
Date of publication, distribution, etc 2018
300 ## - PHYSICAL DESCRIPTION
Extent 885p.
653 ## - INDEX TERM--UNCONTROLLED
Uncontrolled term Biochemistry
700 ## - ADDED ENTRY--PERSONAL NAME
Personal name Klug, William S.
700 ## - ADDED ENTRY--PERSONAL NAME
Personal name Cummings, Michael R.
700 ## - ADDED ENTRY--PERSONAL NAME
Personal name Spencer, Charlotte A.
700 ## - ADDED ENTRY--PERSONAL NAME
Personal name Palladinao, Michael A.
942 ## - ADDED ENTRY ELEMENTS (KOHA)
Source of classification or shelving scheme Dewey Decimal Classification
Koha item type Books
Holdings
Withdrawn status Lost status Source of classification or shelving scheme Damaged status Not for loan Collection code Home library Current library Date acquired Source of acquisition Full call number Barcode Date last seen Price effective from Koha item type
    Dewey Decimal Classification     General Text Book Central University Of Rajasthan Central University Of Rajasthan 18/10/2019 BCH 515.1 K71C 32436 02/09/2020 02/09/2020 Books